000 00659nab a2200193 4500
001 244442
003 OSt
005 20241121100158.0
007 tu
008 200917s2020|||||||
040 _aDE-2950
_cDE-2950
245 0 0 _aSuche nach Kandidaten
_bNeuwahlen, Im Wahlkreis 63 (Oder-Spree/Frankfurt) ist bisher nur ein Direktkandidat sicher - bei der SPD. Bei allen anderen Parteien gibt es noch viele Fragezeichen/
_cOlaf Gardt
264 _c2024
653 _aFrankfurt (Oder)
653 _aBundestagswahl
653 _aDirektkandidat SPD
773 0 _g35. Jahrgang (2024) Nr. 267 vom 15.11.2024, S. 13 mit Foto
_tMärkische Oderzeitung
942 _2z
_cA
999 _c373469
_d373469